Asian Capitals By First Two Letters - Statistics

General Stats
  • This quiz has been taken 101 times
  • The average score is 36 of 48
Answer Stats
Hint Answer % Correct
China Beijing
96%
Lebanon Beirut
96%
United Arab Emirates Abu Dhabi
95%
Iraq Baghdad
95%
Azerbaijan Baku
95%
Brunei Bandar SeriBegawan
95%
Thailand Bangkok
95%
Syria Damascus
95%
Afghanistan Kabul
91%
Nepal Kathmandu
91%
Turkey Ankara
89%
Vietnam Hanoi
88%
Pakistan Islamabad
86%
Malaysia Kuala Lumpur
86%
Kuwait Kuwait City
86%
Maldives Malé
86%
Bahrain Manama
86%
Philippines Manila
86%
Jordan Amman
84%
Bangladesh Dhaka
82%
Qatar Doha
82%
Indonesia Jakarta
82%
Israel Jerusalem
79%
India New Delhi
79%
Turkmenistan Ashgabat
77%
Kazakhstan Astana
77%
East Timor Dili
75%
North Korea Pyongyang
75%
Cyprus Nicosia
72%
South Korea Seoul
72%
Oman Muscat
70%
Singapore Singapore
70%
Taiwan Taipei
70%
Uzbekistan Tashkent
70%
Iran Tehran
70%
Tajikistan Dushanbe
68%
Cambodia Phnom Penh
68%
Kyrgyzstan Bishkek
67%
Yemen Sana'a
67%
Saudi Arabia Riyadh
63%
Myanmar Naypyidaw
61%
Japan Tokyo
54%
Sri Lanka Sri JayawardenepuraKotte
53%
Georgia Tbilisi
49%
Bhutan Thimphu
47%
Mongolia Ulaanbaatar
42%
Armenia Yerevan
42%
Laos Vientiane
40%
No matching quizzes found
Score Distribution
Percent of People with Each Score
Percentile by Number Answered
Your Score History
You have not taken this quiz